Notebooks 1914-1916
-д хадгалсан:
| Үндсэн зохиолч: | |
|---|---|
| Формат: | Ном |
| Хэл сонгох: | англи |
| Хэвлэсэн: |
Oxford
Basil Blackwell
1961
|
| Нөхцлүүд: | |
| Шошгууд: |
Шошго нэмэх
Шошго байхгүй, Энэхүү баримтыг шошголох эхний хүн болох!
|
MARC
| LEADER | 00000nam a2200000 a 4500 | ||
|---|---|---|---|
| 001 | UCV8705 | ||
| 003 | CL-VaPUC | ||
| 008 | 911121e19610000UK |||||||||||||||||eng|d | ||
| 082 | 0 | 4 | |a 149.94 |b WIT |2 21 |
| 100 | 0 | |a Wittgenstein, Ludwig |e author |9 257080 | |
| 245 | 1 | 0 | |a Notebooks 1914-1916 |
| 300 | |a 131 p | ||
| 942 | |c BK | ||
| 945 | |d 19911121 00:00:00 | ||
| 260 | |a Oxford |b Basil Blackwell |c 1961 | ||
| 600 | 0 | 7 | |a WITTGENSTEIN, LUDWIG |2 CL-VaPUC |9 257080 |
| 650 | 0 | |a Filosofía del lenguaje |9 257082 | |
| 650 | 0 | |a Filosofía austriaca |9 267034 | |
| 583 | |a last modification |c 19911121 00:00:00 |k Rodrigo Vera | ||
| 999 | |c 214182 |d 214180 | ||
| 952 | |0 0 |1 0 |4 0 |6 149_940000000000000_WIT_1961 |7 0 |8 P |9 197315 |a BIBARQ |b BIBARQ |d 2019-11-14 |i 2649950 |o 149.94 WIT 1961 |p 2649950 |r 2025-01-20 |w 2019-11-14 |y BK |k ARQ | ||